000 00325nam a22001337a 4500
008 171012b xxu||||| |||| 00| 0 eng d
020 _a0871500558
041 _aeng
080 _a316
100 _a50
101 _aSOC
245 _aFUNDAMENTAL STATISTICS FOR HUMAN SERVICES AND SOCIAL WORK
_cKRISHEF,C,H
942 _2udc
_cBK
999 _c33504
_d33504